জাপানি ভাষা ও বর্ণভিত্তিক শব্দলিপি /

Podrobná bibliografie
Hlavní autor: রাজ্জাক, মো. আব্দুর
Médium: Kniha
Jazyk:Bengali
Japanese
Vydáno: ঢাকা : প্রান্ত প্রকাশন, ২০১৫.
Témata:
Classic Catalogue: View this record in Classic Catalogue
LEADER 02065nam a22003137a 4500
001 44778
003 BD-DhAAL
005 20250911130944.0
008 250911t2015 bg ||||| |||| 00| 0 ben d
020 |a 9789849124313 
040 |a BD-DhAAL  |c BD-DhAAL 
041 |a ben  |a jpn 
082 |a 495.611  |2 23 
100 |a রাজ্জাক, মো. আব্দুর.  |9 59253 
245 |a জাপানি ভাষা ও বর্ণভিত্তিক শব্দলিপি /  |c মো. আব্দুর রাজ্জাক. 
246 |a Japani vasha o bornovittik sabdalipi 
260 |a ঢাকা :  |b প্রান্ত প্রকাশন,  |c ২০১৫. 
300 |a ১৩৫ পৃষ্ঠা ;  |c ২২ সে.মি. 
500 |a প্রথম প্রকাশ 
526 |a CSE  |x Annajiat Alim Rasel Senior Lecturer Department of Computer Science and Engineering BRAC University Course Name : Japanese Language and General for ITEE (JPN 101) 
541 |a Hye Trade International  |e 44778, 44779 
650 |a Japanese language  |x Transliteration.  |9 59299 
650 |a Japanese language  |x Pronunciation.  |9 59300 
650 |a Japanese language  |x Phonetics.  |9 59301 
852 |a Ayesha Abed Library  |c General Stacks 
942 |c BK  |2 ddc 
999 |c 47462  |d 47462 
952 |0 0  |1 0  |2 ddc  |4 0  |6 495_611000000000000_RAZ  |7 0  |9 78163  |a BRACUL  |b BRACUL  |c NEW  |d 2025-09-08  |e Hye Trade International  |g 156.00  |l 0  |o 495.611 RAZ  |p 3010044778  |r 2025-09-08  |t 1  |v 312.00  |w 2025-09-08  |y BK  |x Requisitioned by Annajiat Alim Rasel (Senior Lecturer, Department of Computer Science and Engineering, BRAC University) for the course named - 'Japanese Language and General for ITEE (JPN 101)' 
952 |0 0  |1 0  |2 ddc  |4 0  |6 495_611000000000000_RAZ  |7 0  |9 78164  |a BRACUL  |b BRACUL  |c GEN  |d 2025-09-08  |e Hye Trade International  |g 156.00  |l 0  |o 495.611 RAZ  |p 3010044779  |r 2025-09-08  |t 2  |v 312.00  |w 2025-09-08  |y BK  |x Requisitioned by Annajiat Alim Rasel (Senior Lecturer, Department of Computer Science and Engineering, BRAC University) for the course named - 'Japanese Language and General for ITEE (JPN 101)'